County Seats Of Montana - Statistics

General Stats
  • This quiz has been taken 290 times
  • The average score is 34 of 56
Answer Stats
County Seat % Correct
Yellowstone Billings
88%
Silver Bow Butte
86%
Lewis and Clark Helena
86%
Deer Lodge Anaconda
83%
Gallatin Bozeman
83%
Cascade Great Falls
81%
Flathead Kalispell
81%
________ Missoula
74%
Lincoln Libby
71%
Carbon Red Lodge
71%
Beaverhead Dillon
69%
Hill Havre
69%
Custer Miles City
69%
Powell Deer Lodge
67%
Glacier Cut Bank
64%
Sweet Grass Big Timber
62%
Fergus Lewistown
62%
Lake Polson
62%
Valley Glasgow
60%
Dawson Glendive
60%
Ravalli Hamilton
60%
Park Livingston
60%
Granite Philipsburg
60%
Mineral Superior
60%
Teton Choteau
57%
McCone Circle
57%
Stillwater Columbus
57%
Carter Ekalaka
57%
Big Horn Hardin
57%
Toole Shelby
57%
Richland Sidney
57%
Jefferson Boulder
55%
Rosebud Forsyth
55%
Sheridan Plentywood
55%
Musselshell Roundup
55%
Prairie Terry
55%
Broadwater Townsend
55%
Madison Virginia City
55%
Roosevelt Wolf Point
55%
Fallon Baker
52%
Powder River Broadus
52%
Wheatland Harlowton
52%
Phillips Malta
52%
Daniels Scobey
52%
______ Wibaux
52%
Liberty Chester
50%
Pondera Conrad
50%
Chouteau Fort Benton
50%
Garfield Jordan
50%
Petroleum Winnett
50%
Blaine Chinook
48%
Treasure Hysham
48%
Golden Valley Ryegate
48%
Judith Basin Stanford
48%
Sanders Thompson Falls
48%
Meagher White Sulphur Springs
48%
No matching quizzes found
Score Distribution
Percent of People with Each Score
Percentile by Number Answered
Your Score History
You have not taken this quiz